| 000 | 00683nam a2200181 i 4500 | ||
|---|---|---|---|
| 001 | 62994 | ||
| 003 | ES-MaACL | ||
| 005 | 20230906164749.0 | ||
| 007 | t| | ||
| 008 | 031127s1922 ag |||| | spa d | ||
| 100 | 1 |
_aFernández Valledor, Federico. _950140 |
|
| 245 | 1 | 4 |
_aLos grandes problemas sociales _b: el abaratamiento de la vivienda higiénica en la República Argentina : solución práctica / _cFederico Fernández Valledor ; prólogo de Alberto García Hamilton. |
| 260 |
_aTucumán : _bLa Gaceta, _c1922. |
||
| 300 |
_a53 p. ; _c23 cm. |
||
| 650 | 4 |
_aProblemas sociales- _zArgentina. _9170569 |
|
| 700 | 1 |
_aGarcía Hamilton, Alberto. _954755 |
|
| 852 |
_aES-MaACL _j1811-F-2 |
||
| 999 |
_c62994 _d62994 |
||